| 000 | 00718nam a2200169Ia 4500 | ||
|---|---|---|---|
| 008 | 090711s9999 xx 000 0 und d | ||
| 082 | _b55317 | ||
| 100 | _aसाठवणे पां. आ. | ||
| 245 | _a"कांदा, लसूण,कोथिंबीर, विडयाSाी पाने" | ||
| 260 |
_bसाठवणे प्रकाशन _c1986 |
||
| 300 | _a28 | ||
| 600 | _aसाठवणे पां. आ. | ||
| 630 | _a"कांदा, लसूण,कोथिंबीर, विडयाSाी पाने" | ||
| 700 | _aसाठवणे पां. आ. | ||
| 730 | _a"कांदा, लसूण,कोथिंबीर, विडयाSाी पाने" | ||
| 942 | _cBOOK | ||
| 999 |
_c328856 _d328856 |
||